Statistics for Minions Characters Quiz

Click here to take the quiz!

General Stats

  • This quiz has been taken 278 times
  • The average score is 6 of 11

Answer Stats

Actor/ActressDescriptionCharacter% Correct
Pierre CoffinA short minion who carries around a teddy bearBob
96%
Pierre CoffinA tall minion with two eyesKevin
92%
Pierre CoffinA medium-sized minion with one eyeStuart
83%
Steve CarrellA future supervillain who the minions followFelonius Gru
81%
Sandra BullockAn ambitious female supervillainScarlet Overkill
75%
Jon HammAn inventor and Scarlet's husbandHerb Overkill
50%
Jennifer SaundersThe Queen of EnglandQueen Elizabeth II of the United Kingdom
45%
Katy MixonThe daughter of the family who gave the minions a ride to Villain-ConTina Nelson
16%
Michael KeatonThe father of the family who gave the minions a ride to Villain-ConWalter Nelson
15%
Allison JanneyThe mother of the family who gave the minions a ride to Villain-ConMadge Nelson
12%
Hiroyuki SanadaA Japanese villainDumo the Sumo
7%

Score Distribution

Percentile by Number Answered

Percent of People with Each Score

Your Score History

You have not taken this quiz